ARRUPE JESUIT UNIVERSITY

CORONAVIRUS -STOP THE SPREAD - CLEAN,DISINFECT,COVER

Wilhelm Dilthey : (Record no. 124206)

MARC details
000 -LEADER
fixed length control field 00914cam a2200289 i 4500
001 - CONTROL NUMBER
control field 3724770
003 - CONTROL NUMBER IDENTIFIER
control field ARRUPE
005 - DATE AND TIME OF LATEST TRANSACTION
control field 20160223111329.0
008 - FIXED-LENGTH DATA ELEMENTS--GENERAL INFORMATION
fixed length control field 800318s1979 enk b 001 0 eng
010 ## - LIBRARY OF CONGRESS CONTROL NUMBER
LC control number 80458730
015 ## - NATIONAL BIBLIOGRAPHY NUMBER
National bibliography number GB79-26883
020 ## - INTERNATIONAL STANDARD BOOK NUMBER
International Standard Book Number 0236401599 :
Terms of availability £7.95
040 ## - CATALOGING SOURCE
Original cataloging agency DLC
Transcribing agency DLC
Modifying agency DLC
050 00 - LIBRARY OF CONGRESS CALL NUMBER
Classification number B3216.D84
Item number R52 1979
082 00 - DEWEY DECIMAL CLASSIFICATION NUMBER
Classification number 193
300 ## - PHYSICAL DESCRIPTION
Dimensions 22 cm.
100 1# - MAIN ENTRY--PERSONAL NAME
Personal name Rickman, Hans. Peter
Fuller form of name (Hans Peter)
9 (RLIN) 22395
245 00 - TITLE STATEMENT
Title Wilhelm Dilthey :
Remainder of title pioneer of the human studies /
Statement of responsibility, etc [by] H. P. Rickman.
260 ## - PUBLICATION, DISTRIBUTION, ETC. (IMPRINT)
Place of publication, distribution, etc Berkeley
Name of publisher, distributor, etc University of California Press
Date of publication, distribution, etc 1979.
300 ## - PHYSICAL DESCRIPTION
Extent viii, 197 p. ;
500 ## - GENERAL NOTE
General note Includes indexes.
504 ## - BIBLIOGRAPHY, ETC. NOTE
Bibliography, etc Bibliography: 181-183.
600 10 - SUBJECT ADDED ENTRY--PERSONAL NAME
Personal name Dilthey, Wilhelm,
Dates associated with a name 1833-1911.
9 (RLIN) 20225
650 #0 - SUBJECT ADDED ENTRY--TOPICAL TERM
Topical term or geographic name as entry element Humanities
General subdivision Methodology.
9 (RLIN) 22396
650 #0 - SUBJECT ADDED ENTRY--TOPICAL TERM
Topical term or geographic name as entry element History
General subdivision Philosophy.
9 (RLIN) 22397
906 ## - LOCAL DATA ELEMENT F, LDF (RLIN)
a 7
b cbc
c orignew
d 4
e ncip
f 19
g y-gencatlg
942 ## - ADDED ENTRY ELEMENTS (KOHA)
Source of classification or shelving scheme Library of Congress Classification
Koha item type Monograph ( Printed materials)
Holdings
Withdrawn status Lost status Source of classification or shelving scheme Damaged status Not for loan Collection code Home library Current library Shelving location Date acquired Total Checkouts Full call number Barcode Date last seen Price effective from Koha item type
    Library of Congress Classification     Main Collection ARRUPE LIBRARY ARRUPE LIBRARY Main Collection 23/02/2016   B3216.D84R52 1979 46500006777 23/02/2016 23/02/2016 Monograph ( Printed materials)

 

Arrupe Library. PO Box MP320 Mt Pleasant, Harare, Zimbabwe
263 242 745411|librarian@aju.ac.zw